Effective Perl programming : (Record no. 139)

MARC details
000 -LEADER
fixed length control field 01220cam a2200349 a 4500
001 - CONTROL NUMBER
control field 4387940
005 - DATE AND TIME OF LATEST TRANSACTION
control field 20200421093820.0
008 - FIXED-LENGTH DATA ELEMENTS--GENERAL INFORMATION
fixed length control field 100125s2010 njua b 001 0 eng
010 ## - LIBRARY OF CONGRESS CONTROL NUMBER
LC control number 2010001078
015 ## - NATIONAL BIBLIOGRAPHY NUMBER
National bibliography number GBB021715
Source bnb
016 7# - NATIONAL BIBLIOGRAPHIC AGENCY CONTROL NUMBER
Record control number 015483401
Source Uk
020 ## - INTERNATIONAL STANDARD BOOK NUMBER
International Standard Book Number 9780321496942 (pbk. : alk. paper)
020 ## - INTERNATIONAL STANDARD BOOK NUMBER
International Standard Book Number 0321496949 (pbk. : alk. paper)
035 ## - SYSTEM CONTROL NUMBER
System control number (OCoLC)ocn457156606
035 ## - SYSTEM CONTROL NUMBER
System control number (OCoLC)457156606
040 ## - CATALOGING SOURCE
Original cataloging agency DLC
Transcribing agency DLC
Modifying agency BTCTA
-- UKM
-- YDXCP
-- C#P
-- BWX
-- CDX
-- NLE
049 ## - LOCAL HOLDINGS (OCLC)
Holding library NLES
050 00 - LIBRARY OF CONGRESS CALL NUMBER
Classification number QA76.73.P22
Item number H35 2010
082 00 - DEWEY DECIMAL CLASSIFICATION NUMBER
Classification number 005.13/3
Edition information 22
100 1# - MAIN ENTRY--PERSONAL NAME
Personal name Hall, Joseph N.,
Dates associated with a name 1966-
9 (RLIN) 166
245 10 - TITLE STATEMENT
Title Effective Perl programming :
Remainder of title ways to write better, more idiomatic Perl /
Statement of responsibility, etc. Joseph N. Hall, Joshua A. McAdams, Brian D. Foy.
250 ## - EDITION STATEMENT
Edition statement 2nd ed.
260 ## - PUBLICATION, DISTRIBUTION, ETC.
Place of publication, distribution, etc. Upper Saddle River, N.J. ;
-- London :
Name of publisher, distributor, etc. Addison-Wesley,
Date of publication, distribution, etc. c2010.
300 ## - PHYSICAL DESCRIPTION
Extent xix, 473 p. :
Other physical details ill. ;
Dimensions 23 cm.
490 1# - SERIES STATEMENT
Series statement Effective software development series
504 ## - BIBLIOGRAPHY, ETC. NOTE
Bibliography, etc. note Includes bibliographical references and index.
650 #0 - SUBJECT ADDED ENTRY--TOPICAL TERM
Topical term or geographic name entry element Perl (Computer program language)
9 (RLIN) 19
700 1# - ADDED ENTRY--PERSONAL NAME
Personal name McAdams, Joshua.
9 (RLIN) 167
700 1# - ADDED ENTRY--PERSONAL NAME
Personal name Foy, Brian D.
9 (RLIN) 148
830 #0 - SERIES ADDED ENTRY--UNIFORM TITLE
Uniform title Effective software development series.
9 (RLIN) 14
942 ## - ADDED ENTRY ELEMENTS (KOHA)
Source of classification or shelving scheme Dewey Decimal Classification
Koha item type Books
Holdings
Withdrawn status Lost status Damaged status Not for loan Collection Home library Current library Shelving location Date acquired Barcode Date last seen Price effective from Koha item type
        Reference Centerville Centerville General stacks 09/04/2014 39999000005776 09/04/2014 09/04/2014 Books
        Reference Fairview Fairview General stacks 09/04/2014 39999000005790 09/04/2014 09/04/2014 Books